00310nam a2200109Ia 4500008004000000082001600040100002300056245004100079260004300120300001100163650002600174210210b1966 xxu||||| |||| 00| 0 eng d a294.55 KRIP aKRISHNA RAO (M V). aPurandara and the haridasa movement. aDharwar.bKarnataka University.,c1966 a2xi,42 aPurandara, Haridasa